00543nam a2200169Ia 4500003000900000008004100009020001800050040001600068080001600084110002800100245012900128250001300257260004400270300001100314650002900325650001900354IN-BaIIA211028s9999 xx 000 0 eng d a0-85229-413-1 cIIA Library a031bEBR-18 aEncyclopedia Britannica 4aThe New Encyclopaedia Britannica in 30 volumes : Micropaediabvol. XVIII, Ready Reference and IndexcEncyclopedia Britannica a15th ed. aChicagobEncyclopaedia Britannicac1984 a1106p. aEncyclopedia-Macropaedia aNASA Thesaurus